Taʻallamtu al-ḥubb. (Record no. 45933)
[ view plain ]
| 000 -LEADER | |
|---|---|
| fixed length control field | 00573cam a22002051 4500 |
| 001 - CONTROL NUMBER | |
| control field | ne 63001093 |
| 003 - CONTROL NUMBER IDENTIFIER | |
| control field | DLC |
| 005 - DATE AND TIME OF LATEST TRANSACTION | |
| control field | 20260227111746.0 |
| 008 - FIXED-LENGTH DATA ELEMENTS--GENERAL INFORMATION | |
| fixed length control field | 810731s1961 ua 000 1 egyrc |
| 010 ## - LIBRARY OF CONGRESS CONTROL NUMBER | |
| LC control number | ne 63001093 |
| 025 ## - OVERSEAS ACQUISITION NUMBER | |
| Overseas acquisition number | PL480:UAR-2477 |
| 035 ## - SYSTEM CONTROL NUMBER | |
| System control number | (OCoLC)7633152 |
| 040 ## - CATALOGING SOURCE | |
| Original cataloging agency | Princeton Univ. Libr. |
| Transcribing agency | MnM |
| Modifying agency | DLC |
| 050 00 - LIBRARY OF CONGRESS CALL NUMBER | |
| Classification number | PJ7862.A3 |
| Item number | T3 |
| 100 1# - MAIN ENTRY--PERSONAL NAME | |
| Personal name | Saʻdāwī, Nawāl. |
| 245 10 - TITLE STATEMENT | |
| Title | Taʻallamtu al-ḥubb. |
| Statement of responsibility, etc. | Nawāl al-Saʻdāwī. |
| 260 ## - PUBLICATION, DISTRIBUTION, ETC. | |
| Place of publication, distribution, etc. | Cairo |
| Name of publisher, distributor, etc. | Maktabat al-Nahḍah al-Miṣriyah |
| Date of publication, distribution, etc. | [1961] |
| 300 ## - PHYSICAL DESCRIPTION | |
| Extent | 148 p. |
| Dimensions | 20 cm. |
| 500 ## - GENERAL NOTE | |
| General note | Short stories. |
No items available.